00410 2200169 4500001002100000005001500021035002000036245003200056100002200088250000600110300003700116260003900153082001000192084001600202600001000218990001200228INLIS00000000000318420251201102414 a0010-12250000051 aHunter /cYoshihiro Togashi0 aYoshihiro Togashi a1 a201 hlm :bIlust ;c11 x 17.5 cm aJakarta :bMedia Komputindo,c2007 a741.5 a741.5 YOS h 4aFiksi a0754504